Ancona (Record no. 8758)
[ view plain ]
| 000 -LEADER | |
|---|---|
| fixed length control field | 00199nam a22001217a 4500 |
| 040 ## - CATALOGING SOURCE | |
| Transcribing agency | HS |
| 082 ## - DEWEY DECIMAL CLASSIFICATION NUMBER | |
| Classification number | 852 |
| 100 ## - MAIN ENTRY--AUTHOR NAME | |
| Personal name | NA |
| 245 ## - TITLE STATEMENT | |
| Title | Ancona |
| 260 ## - PUBLICATION, DISTRIBUTION, ETC. (IMPRINT) | |
| Place of publication | NA |
| Name of publisher | NA |
| Year of publication | NA |
| 300 ## - PHYSICAL DESCRIPTION | |
| Number of Pages | NA |
| 942 ## - ADDED ENTRY ELEMENTS (KOHA) | |
| Koha item type | សៀវភៅភាសាអង់គ្លេស |
| 952 ## - LOCATION AND ITEM INFORMATION (KOHA) | |
| Withdrawn status [LOCAL, KOHA] | 0 |
| 952 ## - LOCATION AND ITEM INFORMATION (KOHA) | |
| Withdrawn status [LOCAL, KOHA] | 0 |
| Permanent Location | Date acquired | Koha item type | Lost status | Barcode | Shelving location | Current Location | Full call number |
|---|---|---|---|---|---|---|---|
| Library Block C | 2016-08-12 | សៀវភៅភាសាអង់គ្លេស | RUA045240 | Library Block C | 852 NA NA | ||
| Library Block C | 2016-10-11 | សៀវភៅភាសាអង់គ្លេស | C329 | Library Block C | 852 NA NA C329 |